000 004800000a22001810004500
003 MACL
005 20160306114858.0
008 160306b xxu||||| |||| 00| 0 eng d
040 _aMACL
_cMACL
041 _aHindi
082 _a891.432
100 _aमिश्रबंधुु
_943356
245 _aईशान वर्मन
260 _bभारती प्रकाशन
_aलखनउ
350 _a5
650 _aDrama
_943357
942 _cHIN
_k891.432
_2ddc
999 _c25899
_d25899